El capitan Cristobal de Rojas ingeniero militar del siglo XVI (Record no. 158747)

MARC details
000 -LEADER
campo de control de longitud fija 00630nam a22001695i 4500
001 - NÚMERO DE CONTROL
campo de control 158747
003 - IDENTIFICADOR DE NÚMERO DE CONTROL
campo de control ES-MaACL
005 - FECHA Y HORA DE LA ÚLTIMA TRANSACCIÓN
campo de control 20230906211309.0
008 - DATOS DE LONGITUD FIJA--INFORMACIÓN GENERAL
campo de control de longitud fija 950111s1880 sp |||| | spa d
040 ## - FUENTE DE CATALOGACIÓN
Centro catalogador/agencia de origen CARM
Lengua de catalogación spa
100 1# - ENTRADA PRINCIPAL--NOMBRE DE PERSONA
Nombre de persona Mariátegui, Eduardo de.
9 (RLIN) 129511
245 13 - MENCIÓN DEL TÍTULO
Título El capitan Cristobal de Rojas ingeniero militar del siglo XVI
Resto del título : apuntes históricos /
Mención de responsabilidad, etc. por D. Eduardo de Mariátegui.
260 ## - PUBLICACIÓN, DISTRIBUCIÓN, ETC.
Lugar de publicación, distribución, etc. Madrid :
Nombre del editor, distribuidor, etc. [s.n.],
Fecha de publicación, distribución, etc. 1880 (
Fabricante Imprenta del Memorial de Ingenieros)
300 ## - DESCRIPCIÓN FÍSICA
Extensión VI, 233 p., 2 h. de lám. pleg. ;
Dimensiones 24 cm.
599 #1 - NOTA A LAS ILUSTRACIONES
NOTA A LAS ILUSTRACIONES Las h. de lam.: "lit. de J. Pajares"
852 ## - LOCALIZACIÓN
Ubicación ES-MaACL
Número de control de estantería F-4453
Nota libre -- Rust.
Holdings
Estatus retirado Estado de pérdida Estado de daño No para préstamo Colección Biblioteca de origen Biblioteca actual Ubicación en estantería Fecha de adquisición Fuente de adquisición Total de préstamos Signatura topográfica completa Código de barras Visto por última vez Precio de reemplazo Tipo de ítem Koha
        Libros del s. XIX Biblioteca del Ateneo de Madrid Biblioteca del Ateneo de Madrid Depósito 2 17/01/2008     F-4453 1166159 23/02/2023 23/02/2023 Libro impreso antiguo